| 000 | 00844nam a2200229 i 4500 | ||
|---|---|---|---|
| 005 | 20160220135910.0 | ||
| 008 | 160118t2006 ck a gr|||| 00| 0 spa d | ||
| 020 | _a9789589797822 | ||
| 040 |
_aCO-BoIAVH _cCO-BoIAVH |
||
| 041 | _aspa | ||
| 082 | 0 | 4 |
_a634.9618 _bC82p |
| 110 | 2 | _bCorporación Nacional de Investigación y Fomento Forestal | |
| 245 | 1 | 0 | _aProtocolo de restauración de cobertura vegetales afectadas por incendios forestales |
| 260 |
_aBogotá : _bCONIF: _bMinisterio de Ambiente, Vivienda y Desarrollo Territorial, _c2006. |
||
| 300 |
_a59 paginas : _bilustraciones ; _c27 x 21 cm |
||
| 650 | 1 | 4 | _aIncendios forestales |
| 650 | 2 | 4 | _aRecuperación ecológica |
| 650 | 2 | 4 | _aPrevención de incendios forestales |
| 650 | 2 | 4 | _aEfectos del fuego |
| 942 |
_cLIBRO _2ddc |
||
| 945 | _d2007-10-03 | ||
| 999 |
_c5843 _d5843 |
||